000 00463nas a22001577a 4500
005 20251108173135.0
008 250721s9999 xx ar 000 0 ara d
082 1 4 _aم/810.5/جام
245 1 0 _aمجلة أداب المستنصرية /
264 1 _aبغداد :
_bكلية الآداب بالجامعة المستنصرية،
310 _aAnnual
650 1 7 _aالدوريات
650 1 7 _aالأدب العربي
942 _2ddc
_cPER
999 _c96976
_d96976